000 00464nam a2200169Ia 4500
008 240729s9999 xx 000 0 und d
022 _a2369-2529
245 0 _aJMIR Rehabilitation and Assistive Technologies
260 _aCanada
260 _bJMIR Publications
650 _a Medical technology
650 _a Medicine (General)
650 _aMedicine
856 _uhttps://doaj.org/toc/34d57b3e953747e9971b06733de2c943
942 _2ddc
942 _cDOAJEJ
999 _c70387
_d70387
945 _a1
_bMadushi Gamage
_c1
_dMadushi Gamage